000
00215 a2200097 4500
001
25521
100
_a
Caringella, C
245
_a
Amatur Radio Const. Project
260
_a
_b
Foulsham-Sams
_c
090
_c
17245
_d
17245
942
_a
NUST-CAE
_c
M
_c
8053
999
_c
260594
_d
260594